Coalition government and politics : (Record no. 142542)

MARC details
000 -LEADER
fixed length control field 00631nam a22001937a 4500
005 - DATE AND TIME OF LATEST TRANSACTION
control field 20170713144806.0
010 ## - LCCN (DPL NO)
LC control number ENG-119175
020 ## - INTERNATIONAL STANDARD BOOK NUMBER
International Standard Book Number 9788175416925
Terms of availability 995.00
035 ## - SYSTEM CONTROL NUMBER
System control number EN-102707
037 ## - SOURCE OF ACQUISITION
Source of stock number/acquisition DBAD/PUB
082 ## - DEWEY DECIMAL CLASSIFICATION NUMBER
Classification number 320.954090512
100 ## - MAIN ENTRY--PERSONAL NAME
Personal name Bhambhri,C.P.
245 ## - TITLE STATEMENT
Title Coalition government and politics :
Statement of responsibility, etc by C.P. Bhambhri
Remainder of title UPA-II to 2014 Lok Sabha elections /
260 ## - PUBLICATION, DISTRIBUTION, ETC. (IMPRINT)
Place of publication, distribution, etc Delhi
Name of publisher, distributor, etc Shipra Publications
Date of publication, distribution, etc 2014
270 ## - ADDRESS
Address LG-18-19,Pankaj Central Market,I.P.Ext. Patparganj
City Delhi
Postal code 110092
300 ## - PHYSICAL DESCRIPTION
Extent x,270p.
Dimensions 23cm(Hb)
500 ## - GENERAL NOTE
General note Includes index
942 ## - ADDED ENTRY ELEMENTS (KOHA)
Source of classification or shelving scheme Dewey Decimal Classification
Item type English Books
Classification part 320.954090512
Call number suffix BHA
Holdings
Withdrawn status Lost status Not for loan Collection code Home library Current library Date acquired Source of acquisition Cost, normal purchase price Full call number Barcode Copy number Cost, replacement price Koha item type
    Not For Loan Non-fiction D.B.Act.Division Bawana 13/07/2017 DBAD/PUB 995.00 320.954090512 BHA EN-102707 1 995.00 English Books

© Delhi Public Library
Hit Counter
free hit counter